Quantitative chemical analysis / (Record no. 3754)

MARC details
000 -LEADER
fixed length control field 00951cam a2200277 a 4500
001 - CONTROL NUMBER
control field 3073459
003 - CONTROL NUMBER IDENTIFIER
control field OSt
005 - DATE AND TIME OF LATEST TRANSACTION
control field 20160425185300.0
008 - FIXED-LENGTH DATA ELEMENTS--GENERAL INFORMATION
fixed length control field 971202s1999 nyua 001 0 eng
010 ## - LIBRARY OF CONGRESS CONTROL NUMBER
LC control number 97048837
020 ## - INTERNATIONAL STANDARD BOOK NUMBER
International Standard Book Number 0716728818
040 ## - CATALOGING SOURCE
Original cataloging agency DLC
Transcribing agency DLC
Modifying agency DLC
050 00 - LIBRARY OF CONGRESS CALL NUMBER
Classification number QD101.2
Item number .H37 1999
082 00 - DEWEY DECIMAL CLASSIFICATION NUMBER
Classification number 545
Edition number 21
Item number HAR 2000
100 1# - MAIN ENTRY--PERSONAL NAME
Personal name Harris, Daniel C.,
9 (RLIN) 8281
245 10 - TITLE STATEMENT
Title Quantitative chemical analysis /
Statement of responsibility, etc. Daniel C. Harris.
250 ## - EDITION STATEMENT
Edition statement 5th ed.
260 ## - PUBLICATION, DISTRIBUTION, ETC. (IMPRINT)
Place of publication, distribution, etc. New York :
Name of publisher, distributor, etc. W.H. Freeman,
Date of publication, distribution, etc. 2000
300 ## - PHYSICAL DESCRIPTION
Extent xix, 899, 42, 34, 126 p. :
Other physical details col.ill;
Dimensions 26 cm. +
Accompanying material 1 computer laser optical disc (4 3/4 in.)
500 ## - GENERAL NOTE
General note Includes index.
650 #0 - SUBJECT ADDED ENTRY--TOPICAL TERM
Topical term or geographic name as entry element Chemistry, Analytic
General subdivision Quantitative.
9 (RLIN) 8274
906 ## - LOCAL DATA ELEMENT F, LDF (RLIN)
a 7
b cbu
c orignew
d 1
e ocip
f 19
g y-gencatlg
942 ## - ADDED ENTRY ELEMENTS (KOHA)
Source of classification or shelving scheme Dewey Decimal Classification
Koha item type Short Loan
Holdings
Withdrawn status Lost status Source of classification or shelving scheme Damaged status Not for loan Home library Current library Date acquired Inventory number Total Checkouts Full call number Barcode Date last seen Price effective from Koha item type Source of acquisition
    Dewey Decimal Classification     MUST Main Library MUST Main Library 25/04/2016 2002/17219   545 HAR 2000 2016-1310 25/04/2016 25/04/2016 Short Loan  
    Dewey Decimal Classification     MUST Main Library MUST Main Library 25/04/2016 2002/17218   545 HAR 2000 2016-1311 25/04/2016 25/04/2016 Short Loan  
    Dewey Decimal Classification     MUST Main Library MUST Main Library 25/04/2016 2002/17221   545 HAR 2000 2016-1312 25/04/2016 25/04/2016 Short Loan  
    Dewey Decimal Classification     MUST Main Library MUST Main Library 13/10/2016 02/17216   545 HAR 2000 2016-4776 13/10/2016 13/10/2016 Open Shelf  
    Dewey Decimal Classification     MUST Main Library MUST Main Library 19/10/2016 02/17217   545 HAR 2000 2016-4847 19/10/2016 19/10/2016 Open Shelf